| 000 -LEADER |
| fixed length control field |
02161 a2200397 4500 |
| 003 - CONTROL NUMBER IDENTIFIER |
| control field |
NUST |
| 005 - DATE AND TIME OF LATEST TRANSACTION |
| control field |
20231220122630.0 |
| 008 - FIXED-LENGTH DATA ELEMENTS--GENERAL INFORMATION |
| fixed length control field |
231220b ||||| |||| 00| 0 eng d |
| 020 ## - INTERNATIONAL STANDARD BOOK NUMBER |
| International Standard Book Number |
0538882425 |
| 020 ## - INTERNATIONAL STANDARD BOOK NUMBER |
| International Standard Book Number |
9780538882422 |
| 082 04 - DEWEY DECIMAL CLASSIFICATION NUMBER |
| Classification number |
658.562 |
| Author Mark |
EVA |
| 100 1# - MAIN ENTRY--PERSONAL NAME |
| Personal name |
Evans, James R. |
| 9 (RLIN) |
19195 |
| 245 10 - TITLE STATEMENT |
| Title |
Management and control of quality / |
| Statement of responsibility, etc. |
James R. Evans. |
| 250 ## - EDITION STATEMENT |
| Edition statement |
4th ed. |
| 260 ## - PUBLICATION, DISTRIBUTION, ETC. |
| Place of publication, distribution, etc. |
[S.l.] : |
| Name of publisher, distributor, etc. |
Thomson South-Western, |
| Date of publication, distribution, etc. |
1998. |
| 300 ## - PHYSICAL DESCRIPTION |
| Extent |
850 p. ; |
| Dimensions |
27 cm. |
| 500 ## - GENERAL NOTE |
| General note |
Hardcover. |
| 520 ## - SUMMARY, ETC. |
| Summary, etc. |
Evans/Lindsay is a market leader in this area. James Evans is a well-known author in the field, and is the current president of the Decision Sciences Institute. With his past experience as an examiner for the Malcolm Baldrige Award, the text, chapters and content, are heavily influenced by the framework and essential content of the Malcolm Baldrige National Quality Award criteria. The authors believe the principles of total quality as reflected in the Baldrige Award provide the best overall synthesis of the concept of quality. The text continues to provide a managerially-oriented, integrated view while also blending in technical topics. All chapters have been updated to reflect the most current thinking in the profession. |
| 650 #4 - SUBJECT ADDED ENTRY--TOPICAL TERM |
| Topical term or geographic name entry element |
Production & quality control management. |
| 9 (RLIN) |
119784 |
| 650 #4 - SUBJECT ADDED ENTRY--TOPICAL TERM |
| Topical term or geographic name entry element |
Quality Assurance (QA) & Total Quality Management (TQM) |
| 9 (RLIN) |
119785 |
| 650 #4 - SUBJECT ADDED ENTRY--TOPICAL TERM |
| Topical term or geographic name entry element |
Quality (Management) |
| 9 (RLIN) |
61140 |
| 650 #4 - SUBJECT ADDED ENTRY--TOPICAL TERM |
| Topical term or geographic name entry element |
Business & Economics. |
| 9 (RLIN) |
233 |
| 650 #4 - SUBJECT ADDED ENTRY--TOPICAL TERM |
| Topical term or geographic name entry element |
Business / Economics / Finance. |
| 9 (RLIN) |
12732 |
| 650 #4 - SUBJECT ADDED ENTRY--TOPICAL TERM |
| Topical term or geographic name entry element |
Business/Economics. |
| 9 (RLIN) |
233 |
| 650 #4 - SUBJECT ADDED ENTRY--TOPICAL TERM |
| Topical term or geographic name entry element |
BUSINESS & ECONOMICS / Entrepreneurship. |
| 9 (RLIN) |
95288 |
| 650 #4 - SUBJECT ADDED ENTRY--TOPICAL TERM |
| Topical term or geographic name entry element |
Business & Economics / Quality Control. |
| 9 (RLIN) |
119786 |
| 650 #4 - SUBJECT ADDED ENTRY--TOPICAL TERM |
| Topical term or geographic name entry element |
Entrepreneurship. |
| 650 #4 - SUBJECT ADDED ENTRY--TOPICAL TERM |
| Topical term or geographic name entry element |
Quality Control. |
| 650 #4 - SUBJECT ADDED ENTRY--TOPICAL TERM |
| Topical term or geographic name entry element |
Quality assurance. |
| 650 #4 - SUBJECT ADDED ENTRY--TOPICAL TERM |
| Topical term or geographic name entry element |
Total quality management. |
| 650 #4 - SUBJECT ADDED ENTRY--TOPICAL TERM |
| Topical term or geographic name entry element |
Management & Business: General. |
| 9 (RLIN) |
119787 |
| 700 1# - ADDED ENTRY--PERSONAL NAME |
| Personal name |
Lindsay, William M. |
| 856 40 - ELECTRONIC LOCATION AND ACCESS |
| Materials specified |
Amazon.com |
| Uniform Resource Identifier |
<a href="http://www.amazon.com/exec/obidos/ASIN/0538882425/chopaconline-20">http://www.amazon.com/exec/obidos/ASIN/0538882425/chopaconline-20</a> |
| 856 40 - ELECTRONIC LOCATION AND ACCESS |
| Materials specified |
Amazon customer reviews |
| Uniform Resource Identifier |
<a href="http://www.chopac.org/cgi-bin/tools/azrev.pl?q=0538882425">http://www.chopac.org/cgi-bin/tools/azrev.pl?q=0538882425</a> |
| 942 ## - ADDED ENTRY ELEMENTS (KOHA) |
| Institution code [OBSOLETE] |
NBS |
| Koha item type |
Book |
| Call number prefix |
658.562 |
| Source of classification or shelving scheme |
|